Marx's economics; (Record no. 160473)

MARC details
000 -LEADER
fixed length control field 00599nam a2200205 4500
008 - FIXED-LENGTH DATA ELEMENTS--GENERAL INFORMATION
fixed length control field
049 ## - LOCAL HOLDINGS (OCLC)
Holding library MAIN
090 ## - LOCALLY ASSIGNED LC-TYPE CALL NUMBER (OCLC); LOCAL CALL NUMBER (RLIN)
Classification number (OCLC) (R) ; Classification number, CALL (RLIN) (NR) HB97.5
Local cutter number (OCLC) ; Book number/undivided call number, CALL (RLIN) BAL
003 - CONTROL NUMBER IDENTIFIER
control field
005 - DATE AND TIME OF LATEST TRANSACTION
control field 20230123134126.0
040 ## - CATALOGING SOURCE
Transcribing agency NUST
100 1# - MAIN ENTRY--PERSONAL NAME
Personal name Balinky, Alexander.
245 10 - TITLE STATEMENT
Title Marx's economics;
Remainder of title origin and development
Statement of responsibility, etc. [by] Alexander Balinky.
260 ## - PUBLICATION, DISTRIBUTION, ETC.
Place of publication, distribution, etc. Lexington, Mass.,
Name of publisher, distributor, etc. Heath,
Date of publication, distribution, etc. 1970.
300 ## - PHYSICAL DESCRIPTION
Extent xiv, 178 p.
Dimensions 24 cm.
504 ## - BIBLIOGRAPHY, ETC. NOTE
Bibliography, etc. note Includes bibliographical references.
650 #0 - SUBJECT ADDED ENTRY--TOPICAL TERM
Topical term or geographic name entry element Marxian economics.
907 ## - LOCAL DATA ELEMENT G, LDG (RLIN)
a .b10035515
b 14-11-17
c 17-04-03
942 ## - ADDED ENTRY ELEMENTS (KOHA)
Koha item type Ordinary Loan Books
Call number prefix HB97.5
Call number suffix BAL
Holdings
Date last seen Total Checkouts Full call number Barcode Accession number Cost, replacement price Price effective from Koha item type Public note Lost status Source of classification or shelving scheme Damaged status Not for loan Collection Withdrawn status Home library Current library Shelving location Date acquired Source of acquisition Cost, normal purchase price
01/23/2023 6 HB97.5 BAL 92003021684 4473 80.00 11/17/2025 BOOKS Donation   LCC   1 NFIC   MAIN MAIN GEN 11/17/2025 Book Aid International 80.00